000 00394nam a2200157Ia 4500
008 230917s9999||||xx |||||||||||||| ||und||
040 _e103302
_aMAIN
041 _aEnglish
082 _a658.8 B456R
100 _aBerman, Barry
245 0 _aRetail management: A startegic approach
250 _a8th ed.
260 _aNew Delhi
_bPearson Education
_c2002
300 _a708 p.
942 _cBK
999 _c119422
_d119422